Btrieve : Programátorská příručka /

Na minha lista:
Detalhes bibliográficos
Main Authors: Pavlas, Jiří (Author), Melena, Milan (Author)
Formato: Livro
Idioma:tcheco
Publicado em: Praha : Grada, 1992
Edição:1.vyd.
Tags: Adicionar Tag
Sem tags, seja o primeiro a adicionar uma tag!

MARC

LEADER 00000nam a22000003a 4500
001 stu2732
005 20200924090519.0
008 921211s1992----cs------------------cze-d
020 |a 80-85424-31-2 
040 |a STU  |b slo 
041 0 |a cze 
044 |a cs 
080 |a 681.32.06 
080 |a BTRIEVE 
080 |a 519.682 
100 1 |a Pavlas, Jiří  |4 aut 
245 1 |a Btrieve :  |b Programátorská příručka /  |c [aut.] Pavlas,Jiří; Melena,Milan 
250 |a 1.vyd. 
260 |a Praha :  |b Grada,  |c 1992 
300 |a 226 s 
700 1 |a Melena, Milan  |4 aut 
996 |b I4650  |c I*4650  |l II680  |s A  |a 24  |w stu2732_0001